00469nam a2200157 a 450000500170000000800410001702000150005805000270007310000190010024500340011926000330015330000220018665000420020865000410025070000200029120140310183255.0041026s19uu xx 00 eng d a0324261055 aQA 76.9.M65b.H35 2005 aHalbert, Terry aCyberethics. /cTerry Halbert aAustralia :bThomson,c2005. a276 p. :c24 cm.  aComputersxMoral and ethical aspects. aInternetxMoral and ethical aspects. aIngulli, Elaine